|
|
|
|
| LEADER |
00000nam a2200000 a 4500 |
| 001 |
vtls011842161 |
| 003 |
SK-MaSNL |
| 005 |
20260301184329.0 |
| 008 |
251112 1634 ru 000 0 ger |
| 015 |
|
|
|a SNBHFA1634
|
| 040 |
|
|
|a SNKHF
|b slo
|c SNKHF
|e AACR2
|
| 041 |
|
|
|a ger
|
| 044 |
|
|
|a ru
|c RU
|
| 072 |
|
7 |
|a 27-46/-48
|x Pastorálna teológia
|2 konspekt
|
| 080 |
|
|
|a 2-475.5
|2 2011
|
| 100 |
1 |
|
|a Wolder, Martin,
|d 1599-1657
|4 aut
|9 560777
|
| 245 |
1 |
0 |
|a Zwo Christliche Predigten. Eine Am FestageMichaelis/ Auß dem 12. Capitel der Offenbahrung. Die Ander Am XXI. Sontage nach Trin. auß der Epistel an die Eph. am 6. Cap. Jm Jahr 1633. gehalten
|c Von M. Martino Woldero. der Altenstadt Königsberg in Preussen Diacono
|
| 260 |
|
|
|a Gedruckt zu Königsberg
|b bey Lorentz Segebaden
|c Anno 1634
|
| 300 |
|
|
|a A4-E4 [=20] listov
|c 4°
|
| 500 |
|
|
|a Vinety, ozdobné iniciálky, titulný list v ozdobnom ráme, kustody
|
| 501 |
|
|
|a Príväzok 41. k: POLLIO, Joachim. Christliche Ehrenpredigt. Breslaw: Georg Baumann, 1630. 4°.
|5 SNK ID 100675
|
| 504 |
|
|
|a Marginálie
|
| 546 |
|
|
|a Nemčina
|b Fraktúra
|
| 561 |
|
|
|a Z knižnice Učenej spoločnosti malohontskej.
|5 SNK ID 100675
|
| 650 |
0 |
7 |
|a kázne
|2 SNKPH
|9 1954
|
| 700 |
1 |
|
|a Segebade, Lorenz
|4 prt
|9 560778
|
| 710 |
2 |
|
|a Učená spoločnosť malohontská
|4 fmo
|9 205374
|
| 710 |
2 |
|
|a Segebade, Lorenz (Kaliningrad, Rusko),
|d 1623-1638
|4 prt
|9 359932
|
| 752 |
|
|
|a Rusko
|d Kaliningrad
|
| 852 |
|
|
|a snk
|b Historické fondy
|p ID 100675/prív.41
|
| 999 |
|
|
|c 860139
|d 862069
|
| 952 |
|
|
|t MHC II. B. g. 136
|a SNK
|b SNK
|c SNK_HF
|y PREZ
|7 0
|p 17A1354657
|o snkID 100675/prív.41
|i snk2019/858
|8 5
|0 0
|1 0
|4 0
|d 2019-02-21
|l 0
|r 2026-02-24 05:09:19
|w 2026-02-24
|